A infantilização da mente moderna (Record no. 1977)

MARC details
000 -Etiqueta do registo
Valores 00953nam a2200289 4500
010 ## - Número ISBN
ISBN 9789895762460
021 ## - Número do Depósito Legal
Código do país Portugal
Número 547253/25
100 ## - Dados gerais de processamento
Dados gerais 20251118d2025 m||y0pory50030103ba
101 ## - Língua de publicação
Língua Português
102 ## - País de publicação
País Portugal
200 ## - Titulo e menção de responsabilidade
Título próprio A infantilização da mente moderna
Informação de outro título como as boas intenções e as más ideias estão a preparar uma geração para o fracasso
Primeira menção de responsabilidade Greg Lukianoff, Jonathan Haidt
Outras menções de responsabilidade trad. Inês Lucas
205 ## - Menção da edição
Edição 1ª edição
210 ## - Publicação
Local de publicação Lisboa
Nome do editor Guerra e Paz
Data de publicação 2025
215 ## - Descrição física 
Paginação / Volumes 378, [6] p.
Dimensões 23 cm
225 ## - Colecção 
Título próprio da colecção Os livros não se rendem
300 ## - Notas gerais 
Texto da nota BMB-Registado
304 ## - Nota relativa ao título
Texto de nota Tít. orig.: The coddling of the American mind
606 ## - Nome comum usado como assunto
ID Autoridade 1715
Palavra de ordem Psicologia Social
606 ## - Nome comum usado como assunto
ID Autoridade 1441
Palavra de ordem Comportamento social
675 ## - CDU
Notação 316.6
Edição BMB
Língua por
700 ## - Autor principal (pessoa individual)
Apelido Lukianoff
Nome Greg
Datas 1974-
ID Autoridade 2848
701 ## - Co-autor principal (pessoa individual)
Apelido Haidt
Nome Jonathan
Datas 1963-
Função Co-autor
ID Autoridade 2849
702 ## - Autor secundário (pessoa individual)
Função Tradutor
ID Autoridade 2850
Apelido Lucas
Nome Inês
801 ## - Fonte de origem
País PT
Agência BMB
Regras de catalogação RPC
990 ## - Elementos KOHA
Tipo de documento Livro
Holdings
Situação do levantamento Estado Número Biblioteca de origem Código de barras Cota Permissão de empréstimo Tipo de documento Forma de aquisição
    1 Biblioteca Municipal de Borba 1926 316.6 LUC / INF   Livro Oferta
Biblioteca Municipal de Borba

Powered by Koha